WATER QUALITY (Record no. 8498)

MARC details
000 -LEADER
fixed length control field 00270nam a22001337a 4500
003 - CONTROL NUMBER IDENTIFIER
control field SGT
082 ## - DEWEY DECIMAL CLASSIFICATION NUMBER
Classification number 628.16
Item number W00F
100 ## - MAIN ENTRY--PERSONAL NAME
Personal name FEWTRELL, LORNA
245 ## - TITLE STATEMENT
Title WATER QUALITY
260 ## - PUBLICATION, DISTRIBUTION, ETC. (IMPRINT)
Place of publication, distribution, etc DELHI
Name of publisher, distributor, etc AITBS
Year of Publication SN
300 ## - PAGE DESCRIPTION
No. of Pages 424
650 ## - SUBJECT ADDED ENTRY--TOPICAL TERM
Topical term or geographic name as entry element WATERT TREATMENT
942 ## - ADDED ENTRY ELEMENTS (KOHA)
Source of classification or shelving scheme Dewey Decimal Classification
Koha item type Books
Holdings
Withdrawn status Lost status Source of classification or shelving scheme Damaged status Use restrictions Not for loan Collection code Home library Current library Shelving location Date acquired Vendor Name Cost, normal purchase price SGTU Bill Number Full call number Accession No. (Barcode) Date last seen Bill Date Koha item type Total Checkouts
    Dewey Decimal Classification   Restricted Access   AYURVEDA SGT FA-FP Library SGT FA-FP Library Reference Book 17/03/2016 AHUJA 495.00 SGTU 6404 628.16 W00F FA3737 17/03/2016 22/12/2015 Books  
    Dewey Decimal Classification       AYURVEDA SGT FA-FP Library SGT FA-FP Library Text Book 17/03/2016 AHUJA 495.00 SGTU 6404 628.16 W00F FA3738 17/03/2016 22/12/2015 Books  
    Dewey Decimal Classification       AYURVEDA SGT FA-FP Library SGT FA-FP Library Text Book 17/03/2016 AHUJA 495.00 SGTU 6404 628.16 W00F FA3739 17/03/2016 22/12/2015 Books  
    Dewey Decimal Classification       AYURVEDA SGT FA-FP Library SGT FA-FP Library Text Book 17/03/2016 AHUJA 495.00 SGTU 6404 628.16 W00F FA3740 17/03/2016 22/12/2015 Books  
    Dewey Decimal Classification       AYURVEDA SGT FA-FP Library SGT FA-FP Library Text Book 17/03/2016 AHUJA 495.00 SGTU 6404 628.16 W00F FA3741 17/03/2016 22/12/2015 Books